| 000 | 004510000a22001810004500 | ||
|---|---|---|---|
| 003 | MACL | ||
| 005 | 20160124113451.0 | ||
| 008 | 160124b xxu||||| |||| 00| 0 eng d | ||
| 040 |
_aMACL _cMACL |
||
| 041 | _aEnglish | ||
| 082 | _a641/PIS | ||
| 100 |
_aPiscatella, Bernie _934395 |
||
| 245 | _aRecipes for a Healthy Heart | ||
| 260 |
_bMagna Publishing _c2002 _aMumbai |
||
| 350 | _a175 | ||
| 650 |
_aFood & Drinks _96521 |
||
| 942 |
_cBK _k641/Pis _2ddc |
||
| 999 |
_c31988 _d31988 |
||